Largest Countries of the World Quiz - Statistics

General Stats
  • This quiz has been taken 28 times
  • The average score is 13 of 15
Answer Stats
Area in miles² Answer % Correct
6,592,812 Russia
100%
1,044,319 Argentina
96%
2,968,385 Australia
96%
3,285,872 Brazil
96%
3,855,081 Canada
96%
3,696,097 China
96%
1,269,292 India
96%
3,809,525 United States
92%
905,405 Democratic Republic of the Congo
88%
758,445 Mexico
85%
829,995 Saudi Arabia
85%
919,590 Algeria
81%
730,660 Indonesia
81%
1,052,084 Kazakhstan
77%
710,689 Sudan
77%
No matching quizzes found
Score Distribution
Percent of People with Each Score
Percentile by Number Answered
Your Score History
You have not taken this quiz